000 00339nam a22001457a 4500
008 230316b ||||| |||| 00| 0 eng d
020 _a9780205368389
041 _aeng
080 _2seventh edition
_a159.9
082 _a159.9SLA
100 _a25
101 _aPSIKO
245 _aEDUCATIONAL PSYCHOLOGY
_cSLAVIN .E.R
942 _2udc
_cBK
999 _c59368
_d59368